AH International Schools' Libraries

Anne of Green Gables / (Record no. 48436)

MARC details
000 -LEADER
fixed length control field 01046nam a2200229 4500
020 ## - INTERNATIONAL STANDARD BOOK NUMBER
International Standard Book Number 1402711301
020 ## - INTERNATIONAL STANDARD BOOK NUMBER
International Standard Book Number 9781402711305
100 ## - MAIN ENTRY--PERSONAL NAME
Personal name Montgomery, Lucy Maud,
Relator term author.
9 (RLIN) 12928
245 10 - TITLE STATEMENT
Title Anne of Green Gables /
Statement of responsibility, etc retold from the Lucy Maud Montgomery original by Kathleen Olmstead ; illustrated by Lucy Corvino.
260 ## - PUBLICATION, DISTRIBUTION, ETC. (IMPRINT)
Place of publication, distribution, etc New York :
Name of publisher, distributor, etc Sterling Pub.,
Date of publication, distribution, etc 2005.
300 ## - PHYSICAL DESCRIPTION
Extent 153 p. :
Other physical details ill. ;
Dimensions 20 cm.
490 ## - SERIES STATEMENT
Series statement Classic starts
520 ## - SUMMARY, ETC.
Summary, etc An abridged version of the tale of Anne, an eleven-year-old orphan, who comes to live on a Prince Edward Island farm and proceeds to make an indelible impression on everyone around her.
650 #1 - SUBJECT ADDED ENTRY--TOPICAL TERM
Topical term or geographic name as entry element Orphans
Form subdivision Fiction.
650 #1 - SUBJECT ADDED ENTRY--TOPICAL TERM
Topical term or geographic name as entry element Friendship
Form subdivision Fiction.
650 #1 - SUBJECT ADDED ENTRY--TOPICAL TERM
Topical term or geographic name as entry element Islands
Form subdivision Fiction.
650 #1 - SUBJECT ADDED ENTRY--TOPICAL TERM
Topical term or geographic name as entry element Country life
Form subdivision Fiction.
651 #1 - SUBJECT ADDED ENTRY--GEOGRAPHIC NAME
Geographic name Prince Edward Island
General subdivision History
Chronological subdivision 20th century
Form subdivision Fiction.
651 #1 - SUBJECT ADDED ENTRY--GEOGRAPHIC NAME
Geographic name Canada
General subdivision History
Chronological subdivision 1867-1914
Form subdivision Fiction.
942 ## - ADDED ENTRY ELEMENTS (KOHA)
Source of classification or shelving scheme
Koha item type Book
Holdings
Withdrawn status Lost status Source of classification or shelving scheme Damaged status Not for loan Home library Current library Date acquired Total Checkouts Full call number Barcode Date last seen Date checked out Price effective from Koha item type
          Logos International School Logos International School 02/11/2025 4 J FIC MON 040375 12/18/2025 12/11/2025 02/11/2025 Book

For any Logos Library related questions please contact Miss Art at swongnarasuk@asianhope.org.

For any Asian Hope Library related questions please contact Miss Raza at graza@asianhope.org.

Powered by Koha